Responses for show #3377 - Tuesday, April 20, 1999

Helen Petroff game 5.

Contestants

Eric Hemer, a director of wine education from Lake Worth, Florida

Christina Held-Hulsing, a stay-at-home mom from Buffalo, New York

Helen Petroff, a research assistant from Los Angeles, California (whose 4-day cash winnings total $38,100)

Jeopardy! Round responses

AROUND THE PACIFIC
TECHNOLOGY
3-LETTER WORDS
LITERARY WEATHER
GOING TO...
THE DOGS
    $100 21
Robinson Crusoe

Triple Stumper
    $100 1
(E: What is a telescope?)

Television

Eric
Triple Stumper
    $100 3
Ply

Helen
    $100 26
Frost

Eric
    $100 11
Asia

Eric
    $100 16
"Oliver Twist"

Triple Stumper
    $200 22
Columbia

Eric
    $200 2
Vacuum cleaner

Christina
    $200 7
Fry

Christina
    $200 27
(E: What is day?)

Thunder

Eric
Triple Stumper
    $200 12
Babe Ruth

Eric
    $200 17
Boo

Eric
    $300 23
(and we have a minute to go...)

Baja California

Helen
    $300 4
Space shuttle

Helen
    $300 8
Sty

Helen
    $300 28
Cedars

Triple Stumper
    $300 13
Jerusalem

Triple Stumper
    $300 18
Doggie Daddy

Helen
    $400 24
Philippines

Christina
    $400 5
Microwave oven

Helen
    $400 9
Urn

Eric
    $400 29
(H: What is a tornado?)
(E: What is a thunderstorm?)
(Alex: Last clue (buzzer sounds)...hidden from view forever; it may never, never appear!)

Cyclone

HelenEric
Triple Stumper
    $400 14
Troy

Helen
    $400 19
Maltese

Triple Stumper
    $500 25
New Zealand

Eric
    $500 6
MS-DOS

Helen
    $500 10
Mil

Triple Stumper
    $500 15
A Go Go

Eric
    $500 20
McGruff the Crime Dog

Helen

Scores at the first commercial break (after clue 13):

Helen Christina Eric
$1,600 $400 $600

Scores at the end of the Jeopardy! Round:

Helen Christina Eric
$2,700 $800 $1,500

Double Jeopardy! Round responses

ANCIENT ANIMALS
DON'T TAKE THEM FOR GRANTED
THE ADDAMS FAMILY
AFRICAN-AMERICAN FIRSTS
GOING TO THE DOGE
I AM CURIOUS "YELLOW"
    $200 2
Cat

Helen
    $200 11
Ulysses S. Grant

Helen
    $200 18
Scooby-Doo

Helen
    $200 25
Ringling Brothers and Barnum & Bailey Circus

Eric
    $200 16
Bridge of Sighs

Helen
    $200 1
"The Yellow Rose of Texas"

Eric
    $400 3
(E: What is a whale?)
(H: What is a seal?)

Dolphin

HelenEric
Triple Stumper
    $400 12
Cary Grant

Christina
    $400 22
(minute to go...)

Jackie Coogan

Triple Stumper
    $400 26
(buzzer sounds)

Toni Morrison

Christina
    $400 17
Coins/currency

Eric
    $400 6
Yellowstone National Park

Helen
    $600 4
Turtle

Christina
    $600 13
Amy Grant

Helen
    $600 23
Lurch

Eric
    $600 19
Lord Byron

Triple Stumper
    $600 7
Yellow-bellied sapsucker

Helen
    $800 5
(C: What are lions?)
(Alex: They had chariot races in his honor.)

Horses

Christina
Triple Stumper
    $800 14
Grant Tinker

Triple Stumper
    $400 24
(E: Who is Uncle Fester?)

Thing

Eric
    $800 20
Genoa

Triple Stumper
    $800 8
Yellowknife

Eric
    $500 10
(E: What are camels?)

Elephants

Eric
    $1000 15
Grant Hill

Triple Stumper
    $1000 21
Saint Mark's Cathedral

Helen
    $1000 9
The Yellow Kid

Triple Stumper

Scores at the end of the Double Jeopardy! Round:

Helen Christina Eric
$5,700 $1,400 $2,400
(lock game)

[wagering suggestions for these scores]

Final Jeopardy! Round responses

20th CENTURY PERSONALITIES
(Alex: Helen, you have a choice of the Tahoe, the Suburban, and the his-&-her Camaros. What are you selecting?)
(Helen: I'll take the Tahoe.)
ChristinaWho is Paloma Picasso
$1,399
EricWho
$1,801
HelenWho is Sister Agnes
$800
Sister Wendy

Final scores:

Helen Christina Eric
$4,900 $1 $599
5-day champion: $43,000 3rd place: JBL Harmony Stereo System 2nd place: Zenith 32" TV & Broyhill Entertainment Center

Game dynamics:

Coryat scores:

Helen Christina Eric
$5,700 $1,400 $3,300
17 R
(including 1 DD),
2 W
6 R,
1 W
13 R,
6 W
(including 2 DDs)

Combined Coryat: $10,400

The J! Archive is created by fans, for fans. The Jeopardy! game show and all elements thereof, including but not limited to copyright and trademark thereto, are the property of Jeopardy Productions, Inc. and are protected under law. This website is not affiliated with, sponsored by, or operated by Jeopardy Productions, Inc. Join the discussion at JBoard.tv.